[Event "Suedwestfalen-ch U18"]
[Site "Hagen"]
[Date "2002.03.25"]
[Round "4"]
[White "Demin, Waldemar"]
[Black "Wagner, Mirco"]
[Result "0-1"]
[WhiteElo "1498"]
[BlackElo "1854"]
[PlyCount "60"]
[EventDate "2002.03.??"]
[EventType "tourn"]
[EventRounds "7"]
[EventCountry "GER"]
[SourceTitle "EXT 2003"]
[Source "ChessBase"]
[SourceDate "2002.11.25"]
[SourceVersion "1"]
[SourceVersionDate "2002.11.25"]
[SourceQuality "1"]

1. d4 c5 2. Nf3 g6 3. c4 Bg7 4. d5 d6 5. Nc3 Qa5 6. Qa4+ Qxa4 7. Nxa4 Nd7 8. e4 Ne5 9. Be2 Bd7 10. Nc3 e6 11. h3 Ne7 12. 0-0 exd5 13. exd5 Nf5 14. Rb1 0-0 15. b3 Nxf3+ 16. Bxf3 Bxc3 17. Bf4 Be5 18. Bxe5 dxe5 19. Rbe1 f6 20. Re4 Nd4 21. Bd1 Rfe8 22. Rfe1 Bf5 23. R4e3 Bc2 24. Rc3 Bxd1 25. Rxd1 Ne2+ 26. Kh2 Nxc3 27. Rd2 e4 28. d6 Rad8 29. d7 Re7 30. Rd6 f5 0-1

[Event "Suedwestfalen-ch U18"]
[Site "Hagen"]
[Date "2002.03.23"]
[Round "1"]
[White "Kaczmarek, Michal"]
[Black "Demin, Waldemar"]
[Result "1-0"]
[WhiteElo "1649"]
[BlackElo "1498"]
[PlyCount "77"]
[EventDate "2002.03.??"]
[EventType "tourn"]
[EventRounds "7"]
[EventCountry "GER"]
[SourceTitle "EXT 2003"]
[Source "ChessBase"]
[SourceDate "2002.11.25"]
[SourceVersion "1"]
[SourceVersionDate "2002.11.25"]
[SourceQuality "1"]

1. e4 c5 2. Nf3 Nc6 3. d4 cxd4 4. Nxd4 e5 5. Nb5 d6 6. N1c3 Nf6 7. Bg5 Be7 8. Bxf6 Bxf6 9. Nxd6+ Ke7 10. Ndb5 a6 11. Nd5+ Kf8 12. Nbc3 Be6 13. Bc4 b5 14. Bb3 g6 15. Qf3 Kg7 16. Rd1 Nd4 17. Qg3 Qd6 18. Rxd4 Rad8 19. Rd3 Qc6 20. 0-0 Rd6 21. Nxf6 Rxd3 22. Qxd3 Kxf6 23. Nd5+ Kg7 24. Qg3 Bxd5 25. Qxe5+ f6 26. Qe7+ Kh6 27. Bxd5 Re8 28. Bxc6 Rxe7 29. Rd1 Rc7 30. Rd6 Rf7 31. Bd5 Rf8 32. Rxa6 f5 33. f3 fxe4 34. Bxe4 Rd8 35. Bd3 Rd5 36. Kf2 b4 37. Rb6 Ra5 38. Rxb4 Rxa2 39. c4 1-0